| 000 | 01175cam a2200301 a 4500 | ||
|---|---|---|---|
| 001 | 3997749 | ||
| 003 | OSt | ||
| 005 | 20140310182054.0 | ||
| 008 | 960506s1997 ilua 001 0 eng | ||
| 010 | _a 96018720 | ||
| 020 | _a0844258997 (pbk.) | ||
| 040 |
_aDLC _cDLC _dDLC |
||
| 050 | 0 | 0 | _aLB 1047.3 .B38 1997 |
| 082 | 0 | 0 |
_aHS 371.30281 _bB32 1997 |
| 100 | 1 |
_aBaugh, L. Sue. _912297 |
|
| 245 | 1 | 0 |
_aHow to write term papers and reports / _cL. Sue Baugh. |
| 250 | _a2nd ed. | ||
| 260 |
_aIllinois : _bNTC Publishing group, _cc1997. |
||
| 300 |
_a233 p. : _bill. ; _c28 cm. |
||
| 500 | _aIncludes index. | ||
| 650 | 0 |
_aReport writing. _91734 |
|
| 856 | 4 | 2 |
_3Publisher description _uhttp://www.loc.gov/catdir/description/mh051/96018720.html |
| 856 | 4 | 2 |
_3Contributor biographical information _uhttp://www.loc.gov/catdir/enhancements/fy0737/96018720-b.html |
| 906 |
_a7 _bcbc _corignew _d1 _eocip _f19 _gy-gencatlg |
||
| 942 |
_2lcc _cHS |
||
| 999 |
_c9059 _d9059 |
||